<?xml version="1.0" encoding="UTF-8"?>
<record
    xmlns:xsi="http://www.w3.org/2001/XMLSchema-instance"
    xsi:schemaLocation="http://www.loc.gov/MARC21/slim http://www.loc.gov/standards/marcxml/schema/MARC21slim.xsd"
    xmlns="http://www.loc.gov/MARC21/slim">

  <leader>02391nam a22002297a 4500</leader>
  <datafield tag="999" ind1=" " ind2=" ">
    <subfield code="c">6584</subfield>
    <subfield code="d">6584</subfield>
  </datafield>
  <controlfield tag="003">AR-CdUCM</controlfield>
  <controlfield tag="008">190318b           ||||| |||| 00| 0 spa d</controlfield>
  <datafield tag="040" ind1=" " ind2=" ">
    <subfield code="a">MUNICIPALIDAD PROVINCIAL DEL CUSCO</subfield>
    <subfield code="c">BIBLIOTECA MUNICIPAL DEL CUSCO</subfield>
  </datafield>
  <datafield tag="082" ind1=" " ind2=" ">
    <subfield code="a">086.909 /</subfield>
    <subfield code="b">M84</subfield>
  </datafield>
  <datafield tag="110" ind1=" " ind2=" ">
    <subfield code="a">Ram&#xF3;n Sopena </subfield>
    <subfield code="9">44048</subfield>
  </datafield>
  <datafield tag="245" ind1=" " ind2=" ">
    <subfield code="a">Monograf&#xED;as hist&#xF3;ricas /</subfield>
  </datafield>
  <datafield tag="260" ind1=" " ind2=" ">
    <subfield code="a">Barcelona :</subfield>
    <subfield code="b">Ram&#xF3;n Sopena,</subfield>
    <subfield code="c">1993 - 1997.</subfield>
  </datafield>
  <datafield tag="300" ind1=" " ind2=" ">
    <subfield code="a">5 volumnes ; 9 tomos ;</subfield>
    <subfield code="b">Ilustraciones,</subfield>
    <subfield code="c">25 cm.</subfield>
  </datafield>
  <datafield tag="505" ind1=" " ind2=" ">
    <subfield code="a">Contenido: v.1.-  t.1: La revoluci&#xF3;n francesa: la filosof&#xED;a y la revoluci&#xF3;n -- El gobierno de Francia -- La hacienda -- Luis XVI -- Las elecciones para los estados generales --  t.2: La revoluci&#xF3;n francesa: La revoluci&#xF3;n Francesa -- La guerra general -- La guerra mar&#xED;tima -- El directorio -- v.2.- t.1: Napole&#xF3;n: El consulado, 1799 - 1804 -- La neutralidad armada, 1780 - 1801 -- La pacificaci&#xF3;n de Europa, 1799 -1802 -- Francia y sus tributarios, 1801-1803 -- Francia bajo el imperio, 1804-1814 -- t.2: Napole&#xF3;n: Los estados dependientes de Francia y suiza, 1800-14 -- La guerra de la independencia en la pen&#xED;nsula Ib&#xE9;rica, 1808-1814 -- Rusia durante el reinado de Alejandro I y la invasi&#xF3;n de 1812 --  La guerra de libraci&#xF3;n, 1813-4 -- v.3.- t.1:La guerra de los treinta a&#xF1;os: Comienzo de la guerra de los 30 a&#xF1;os -- La Valtelina -- La ruina del protestantismo (1620-30) -- Richelieu -- Los vasa en Suecia y Polonia -- Gustavo Adolfo -- t.2: La guerra de los treinta a&#xF1;os: La republica y el protectorado -- La marina de la republica y la primera guerra Holandesa -- Escosia desde el advenimiento de Carlos I hasta la retauraci&#xF3;n -- Irlanda desde la colonizacion de Ulster hasta el estatuto de Cromwell -- La anarquia y la restauraci&#xF3;n -- v.4: La Reforma: La Roma de los medicis -- Los habsburgos y Valois -- Lutero -- Oposici&#xF3;n nacional a Roma en Alemania -- t.2 -- La reforma -- Calvino y la iglesia reformada -- La reforma en los pa&#xED;ses cat&#xF3;licos del sur de Europa -- Enrique VIII -- v.5:  t.1: Las guerras religiosas en francia -- el humanismo frances y mantaigne -- la reaccion catolica y las elecciones -- apogeo del poderio otomano -- el imperio en los reinados de fernando</subfield>
  </datafield>
  <datafield tag="650" ind1=" " ind2=" ">
    <subfield code="a">Historia moderna</subfield>
    <subfield code="9">12930</subfield>
  </datafield>
  <datafield tag="650" ind1=" " ind2=" ">
    <subfield code="a">Francia</subfield>
    <subfield code="9">1444</subfield>
  </datafield>
  <datafield tag="650" ind1=" " ind2=" ">
    <subfield code="a">Filosofia</subfield>
    <subfield code="9">395</subfield>
  </datafield>
  <datafield tag="650" ind1=" " ind2=" ">
    <subfield code="a">Revoluci&#xF3;n</subfield>
    <subfield code="9">44049</subfield>
  </datafield>
  <datafield tag="710" ind1=" " ind2=" ">
    <subfield code="a">Cambridge University</subfield>
    <subfield code="9">18513</subfield>
  </datafield>
  <datafield tag="942" ind1=" " ind2=" ">
    <subfield code="2">ddc</subfield>
    <subfield code="c">LIBROS</subfield>
  </datafield>
  <datafield tag="945" ind1=" " ind2=" ">
    <subfield code="a">acv</subfield>
  </datafield>
  <datafield tag="952" ind1=" " ind2=" ">
    <subfield code="0">0</subfield>
    <subfield code="2">ddc</subfield>
    <subfield code="4">0</subfield>
    <subfield code="7">0</subfield>
    <subfield code="a">SH</subfield>
    <subfield code="b">SH</subfield>
    <subfield code="c">CART</subfield>
    <subfield code="d">2019-10-23</subfield>
    <subfield code="o">086.909 / M84 / v.1 / t.1</subfield>
    <subfield code="p">SH0000009728</subfield>
    <subfield code="r">2019-10-23</subfield>
    <subfield code="y">LIBROS</subfield>
  </datafield>
  <datafield tag="952" ind1=" " ind2=" ">
    <subfield code="0">0</subfield>
    <subfield code="2">ddc</subfield>
    <subfield code="4">0</subfield>
    <subfield code="7">0</subfield>
    <subfield code="a">SH</subfield>
    <subfield code="b">SH</subfield>
    <subfield code="c">CART</subfield>
    <subfield code="d">2019-10-23</subfield>
    <subfield code="o">086.909 / M84 / v.1 / t.2</subfield>
    <subfield code="p">SH0000007587</subfield>
    <subfield code="r">2019-10-23</subfield>
    <subfield code="y">LIBROS</subfield>
  </datafield>
  <datafield tag="952" ind1=" " ind2=" ">
    <subfield code="0">0</subfield>
    <subfield code="2">ddc</subfield>
    <subfield code="4">0</subfield>
    <subfield code="7">0</subfield>
    <subfield code="a">SH</subfield>
    <subfield code="b">SH</subfield>
    <subfield code="c">CART</subfield>
    <subfield code="d">2019-10-23</subfield>
    <subfield code="o">086.909 / M84 / v.2 / t.1</subfield>
    <subfield code="p">SH0000007582</subfield>
    <subfield code="r">2019-10-23</subfield>
    <subfield code="y">LIBROS</subfield>
  </datafield>
  <datafield tag="952" ind1=" " ind2=" ">
    <subfield code="0">0</subfield>
    <subfield code="2">ddc</subfield>
    <subfield code="4">0</subfield>
    <subfield code="7">0</subfield>
    <subfield code="a">SH</subfield>
    <subfield code="b">SH</subfield>
    <subfield code="c">CART</subfield>
    <subfield code="d">2019-10-23</subfield>
    <subfield code="o">086.909 / M84 / v.2 / t.2</subfield>
    <subfield code="p">SH0000007583</subfield>
    <subfield code="r">2019-10-23</subfield>
    <subfield code="y">LIBROS</subfield>
  </datafield>
  <datafield tag="952" ind1=" " ind2=" ">
    <subfield code="0">0</subfield>
    <subfield code="2">ddc</subfield>
    <subfield code="4">0</subfield>
    <subfield code="7">0</subfield>
    <subfield code="a">SH</subfield>
    <subfield code="b">SH</subfield>
    <subfield code="c">CART</subfield>
    <subfield code="d">2019-10-23</subfield>
    <subfield code="o">086.909 / M84 / v.3 / t.1</subfield>
    <subfield code="p">SH0000007585</subfield>
    <subfield code="r">2019-10-23</subfield>
    <subfield code="y">LIBROS</subfield>
  </datafield>
  <datafield tag="952" ind1=" " ind2=" ">
    <subfield code="0">0</subfield>
    <subfield code="2">ddc</subfield>
    <subfield code="4">0</subfield>
    <subfield code="7">0</subfield>
    <subfield code="a">SH</subfield>
    <subfield code="b">SH</subfield>
    <subfield code="c">CART</subfield>
    <subfield code="d">2019-10-23</subfield>
    <subfield code="o">086.909 / M84 / v.3 / t.2</subfield>
    <subfield code="p">SH0000007584</subfield>
    <subfield code="r">2019-10-23</subfield>
    <subfield code="y">LIBROS</subfield>
  </datafield>
  <datafield tag="952" ind1=" " ind2=" ">
    <subfield code="0">0</subfield>
    <subfield code="2">ddc</subfield>
    <subfield code="4">0</subfield>
    <subfield code="7">0</subfield>
    <subfield code="a">SH</subfield>
    <subfield code="b">SH</subfield>
    <subfield code="c">CART</subfield>
    <subfield code="d">2019-10-23</subfield>
    <subfield code="o">086.909 / M84 / v.4 / t.1</subfield>
    <subfield code="p">SH0000009729</subfield>
    <subfield code="r">2019-10-23</subfield>
    <subfield code="y">LIBROS</subfield>
  </datafield>
  <datafield tag="952" ind1=" " ind2=" ">
    <subfield code="0">0</subfield>
    <subfield code="2">ddc</subfield>
    <subfield code="4">0</subfield>
    <subfield code="7">0</subfield>
    <subfield code="a">SH</subfield>
    <subfield code="b">SH</subfield>
    <subfield code="c">CART</subfield>
    <subfield code="d">2019-10-23</subfield>
    <subfield code="o">086.909 / M84 / v.4 / t.2</subfield>
    <subfield code="p">SH0000007586</subfield>
    <subfield code="r">2019-10-23</subfield>
    <subfield code="y">LIBROS</subfield>
  </datafield>
  <datafield tag="952" ind1=" " ind2=" ">
    <subfield code="0">0</subfield>
    <subfield code="2">ddc</subfield>
    <subfield code="4">0</subfield>
    <subfield code="7">0</subfield>
    <subfield code="a">SH</subfield>
    <subfield code="b">SH</subfield>
    <subfield code="c">CART</subfield>
    <subfield code="d">2019-10-23</subfield>
    <subfield code="o">086.909 / M84 / v.5 / t.1</subfield>
    <subfield code="p">SH0000009727</subfield>
    <subfield code="r">2019-10-23</subfield>
    <subfield code="y">LIBROS</subfield>
  </datafield>
</record>
